| 000 | 00465cam a2200181ua 4500 | ||
|---|---|---|---|
| 041 |
_aeng _h |
||
| 082 |
_a941 _bRIC/HI |
||
| 100 | _aRickard, J.A . | ||
| 245 |
_aHistory of England / _cJ.A.Rickard. _hTextual Documents |
||
| 250 |
_a11 / _b. |
||
| 260 |
_aNewyork : _bBarnes & Noble Inc , _c1960. |
||
| 300 | _a260 ; . | ||
| 440 | 0 |
_aCollege outline series, _v _x; |
|
| 490 | 0 |
_aCollege outline series, _v _x; |
|
| 504 | _a | ||
| 942 | _cBK | ||
| 999 |
_c685 _d685 |
||